000 00227nam a22000977a 4500
040 _c339
082 _a339 ROB 1985 C090
100 _aROBERT SUGDEN
245 _aThe principles of practical cost-benefit analysis
942 _cAEDBB
999 _c11115
_d11115